000 00850nam a22002297a 4500
999 _c15878
_d15878
003 MIRAKIL
005 20240404101113.0
008 240404b tu ||||| |||| 00| 0 tur d
020 _a9789751749055
040 _aTR-AnCHP
_cTR-AnCHP
041 _atur
082 _a417.01
_bG96g 2021
100 _aGürgün, Hasan
245 1 0 _aGöktürk yazısıyla oluşturulmuş Uygur kağanlığı yazıtlarının metin dil bilimsel incelenmesi /
_cHasan Gürgün
260 _aAnkara :
_bTürk Dil Kurumu Yayınları,
_c2021
300 _a304 sayfa ;
_c24 cm.
490 0 _aAtatürk Kültür, Dil ve Tarih Yüksek Kurumu Türk Dil Kurumu Yayınları ;
_v1424.
504 _aKaynakça: 265-275. sayfa
650 0 _97751
_aEski Türk dili
856 _zDijital Nüshası için Partimizin Kütüphane Sorumlusu ile iletişime geçiniz.
942 _2ddc
_cBKS